| 000 -LEADER | |
|---|---|
| fixed length control field | 00463nam a22001817a 4500 |
| 005 - DATE AND TIME OF LATEST TRANSACTION | |
| control field | 20250327103432.0 |
| 008 - FIXED-LENGTH DATA ELEMENTS--GENERAL INFORMATION | |
| fixed length control field | 160905b xxu||||| |||| 00| 0 eng d |
| 020 ## - INTERNATIONAL STANDARD BOOK NUMBER | |
| ISBN | 978-93-513-4320-2 |
| 041 ## - LANGUAGE CODE | |
| Language code of text/sound track or separate title | eng |
| 082 ## - DEWEY DECIMAL CLASSIFICATION NUMBER | |
| Classification number | 005.133 |
| 100 ## - MAIN ENTRY--AUTHOR NAME | |
| Personal name | BALAGURUSAMY, E. |
| 245 ## - TITLE STATEMENT | |
| Title | PROGRAMMING WITH JAVA: a primer |
| 250 ## - EDITION STATEMENT | |
| Edition statement | 5TH ED. 2015 |
| 260 ## - PUBLICATION, DISTRIBUTION, ETC. (IMPRINT) | |
| Name of publisher | Mc graw hill edu. pvt |
| Year of publication | 2015 |
| Place of publication | new delhi |
| 300 ## - PHYSICAL DESCRIPTION | |
| Number of Pages | 460;P |
| 650 ## - SUBJECT ADDED ENTRY--TOPICAL TERM | |
| Topical Term | INFORMATION TECHNOLGY |
| 942 ## - ADDED ENTRY ELEMENTS (KOHA) | |
| Koha item type | Books |
| Lost status | Damaged status | Collection code | Home library | Current library | Shelving location | Date acquired | Source of acquisition | Cost, normal purchase price | Full call number | Accession Number | Copy number | Koha item type |
|---|---|---|---|---|---|---|---|---|---|---|---|---|
| Reference | JRU Library | JRU Library | SHELF-55-C | 05/09/2016 | PURCHASE | 450.00 | 005.133 | 21023 | 5 | Books | ||
| CS/IT | JRU Library | JRU Library | SHELF-55-C | 05/09/2016 | PURCHASE | 450.00 | 005.133 | 21024 | 5 | Books | ||
| CS/IT | JRU Library | JRU Library | SHELF-54-A | 05/09/2016 | PURCHASE | 450.00 | 005.133 | 21025 | 5 | Books | ||
| CS/IT | JRU Library | JRU Library | SHELF-54-A | 05/09/2016 | PURCHASE | 450.00 | 005.133 | 21026 | 5 | Books | ||
| CS/IT | JRU Library | SHELF-54-A | 05/09/2016 | PURCHASE | 450.00 | 005.133 | 21027 | 5 | Books |